Shahābnāmah / (Record no. 3984)
[ view plain ]
| 000 -LEADER | |
|---|---|
| fixed length control field | 00837nam a22002537a 4500 |
| 001 - CONTROL NUMBER | |
| control field | 3380480 |
| 003 - CONTROL NUMBER IDENTIFIER | |
| control field | Nust |
| 005 - DATE AND TIME OF LATEST TRANSACTION | |
| control field | 20170105101617.0 |
| 008 - FIXED-LENGTH DATA ELEMENTS--GENERAL INFORMATION | |
| fixed length control field | 901214s1987 pk acfh 000 0 urd |
| 010 ## - LIBRARY OF CONGRESS CONTROL NUMBER | |
| LC control number | 87932136 |
| 020 ## - INTERNATIONAL STANDARD BOOK NUMBER | |
| International Standard Book Number | 9789693517552 |
| 040 ## - CATALOGING SOURCE | |
| Original cataloging agency | DLC |
| Transcribing agency | DLC |
| 050 00 - LIBRARY OF CONGRESS CALL NUMBER | |
| Classification number | MLCMA 94/1189 (D) |
| 082 ## - DEWEY DECIMAL CLASSIFICATION NUMBER | |
| Classification number | 923.5 |
| Author Mark | SHA |
| 100 1# - MAIN ENTRY--PERSONAL NAME | |
| Personal name | Shahāb, Qudratullāh, |
| Dates associated with a name | 1920-1986. |
| 245 10 - TITLE STATEMENT | |
| Title | Shahābnāmah / |
| Statement of responsibility, etc. | Qudratullāh Shahāb. |
| 260 ## - PUBLICATION, DISTRIBUTION, ETC. | |
| Place of publication, distribution, etc. | Lāhaur : |
| Name of publisher, distributor, etc. | Sang-i Mīl Pablīkeshanz, |
| Date of publication, distribution, etc. | 2013. |
| 300 ## - PHYSICAL DESCRIPTION | |
| Extent | 1181 p., [52] p. of plates : |
| Other physical details | ill., facsims., ports. ; |
| Dimensions | 25 cm. |
| 500 ## - GENERAL NOTE | |
| General note | In Urdu. |
| 520 ## - SUMMARY, ETC. | |
| Summary, etc. | Autobiography of an eminent Urdu litterateur, educationist, and former Pakistani civil servant. |
| 906 ## - LOCAL DATA ELEMENT F, LDF (RLIN) | |
| a | 7 |
| b | cbc |
| c | orignew |
| d | 4 |
| e | ncip |
| f | 19 |
| g | y-gencatlg |
| 942 ## - ADDED ENTRY ELEMENTS (KOHA) | |
| Source of classification or shelving scheme | |
| Koha item type | Book |
| Withdrawn status | Lost status | Source of classification or shelving scheme | Damaged status | Not for loan | Permanent Location | Current Location | Date acquired | Source of acquisition | Total Checkouts | Total Renewals | Full call number | Barcode | Checked out | Date last seen | Date last checked out | Price effective from | Koha item type |
|---|---|---|---|---|---|---|---|---|---|---|---|---|---|---|---|---|---|
| Central Library (CL) | Central Library (CL) | 10/08/2019 | Donation | 10 | 13 | 923.5 SHA 2005 | CL-D-645 | 04/01/2026 | 11/08/2025 | 11/08/2025 | 10/08/2019 | Book |
